التوهم : (رقم التسجيلة. 29820)

تفاصيل مارك
000 -الفاتح
عناصر البيانات ثابتة الطول 00953cam a2200217 i 4500
005 - تاريخ ووقت آخر معاملة
حقل ضبط 20251203115450.0
008 - عناصر البيانات ثابتة الطول
عناصر البيانات ثابتة الطول 250721s2002 sy gr 000 0 ara d
082 14 - رقم تصنيف ديوي العشري
رقم التصنيف 213.5
رقم المادة ح ا ر
100 1# - مدخل رئيسي – اسم شخصي
الاسم الشخصي الحارث المحاسبي، أبو عبد الله بن أسد
علاقة الشخص بالعمل/ دوره مؤلف.
245 12 - بيان العنوان
العنوان التوهم :
بقية العنوان رحلة الإنسان في عالم الأخرة /
بيان المسؤولية للحارث المحاسبي ؛ اعتنى به خالد محمود خادم السروجي، محمد علي محمد بحري.
250 ## - بيان الطبعة
بيان الطبعة الطبعة الثالثة مزيدة ومنقحة.
264 31 - بيانات النشر، التوزيع…إلخ
مكان النشر، التوزيع...إلخ دمشق :
اسم الناشر، الموزع...إلخ مكتبة ابن القيم،
تاريخ النشر، التوزيع...إلخ 2002.
300 ## - الوصف المادي
عدد الوحدات المكونة للوعاء 88 صفحة.
650 17 - مدخل إضافي بالموضوع - مصطلح موضوعي
مصطلح موضوعي أو اسم جغرافي كعنصر مدخل العقيدة الدينية.
650 17 - مدخل إضافي بالموضوع - مصطلح موضوعي
مصطلح موضوعي أو اسم جغرافي كعنصر مدخل الإسلام.
650 17 - مدخل إضافي بالموضوع - مصطلح موضوعي
مصطلح موضوعي أو اسم جغرافي كعنصر مدخل الجنة.
700 1# - مدخل إضافي - اسم شخصي
الاسم الشخصي السروجي، خالد محمود
علاقة الشخص بالعمل/ دوره محقق.
700 1# - مدخل إضافي - اسم شخصي
الاسم الشخصي بحري، محمد علي محمد
علاقة الشخص بالعمل/ دوره محقق.
تواريخ خاصة بالشخص (243i)
942 ## - بيانات إضافية (كوها)
نوع التنصيف Dewey Decimal Classification
نوع المادة (كوها) كتب
المقتنيات
حالة السحب حالة الفقدان مصدر التصنيف حالة التلف غير قابل للإعارة المكتبة الرئيسية المكتبة الحالية موقع الرف تاريخ التزويد الرقم المتسلسل Total Checkouts رقم الإستدعاء الباركود تاريخ آخر ظهور تاريخ الفاتورة نوع المادة (كوها) العملة
    Dewey Decimal Classification     المكتبة المركزية المكتبة المركزية الإعارة 01/12/2025 516310   213.5 / ح ا ر PLD00259263 01/12/2025 01/12/2025 كتب JOD
    Dewey Decimal Classification     المكتبة المركزية المكتبة المركزية الإعارة 01/12/2025 516312   213.5 / ح ا ر PLD516313 01/12/2025 01/12/2025 كتب JOD
    Dewey Decimal Classification     مكتبة أم قصير والمقابلين العامة مكتبة أم قصير والمقابلين العامة الإعارة 14/08/2014 516323   213.5/حار PLD00340112 28/07/2025 14/08/2014 كتب  
    Dewey Decimal Classification     مكتبة حمزة العامة مكتبة حمزة العامة الإعارة 30/01/2016 516321   213.5/حار PLD00370480 28/07/2025 30/01/2016 كتب  
    Dewey Decimal Classification     مكتبة صويلح العامة مكتبة صويلح العامة الإعارة 07/09/2015 516316   213.5/حار PLD00345502 28/07/2025 07/09/2015 كتب  
Implemented & Customized by: BBB with SCIT (Smart Chains for Information Technology)

Powered by Koha